Sofia e o caracol (Registo nº 2629)

Detalhes MARC
000 -Etiqueta do registo
Cabeçalho 00715nam a22002531 4500
005 - Identificador da versão
Campo de controlo 20240827165905.0
021 ## - Número do Depósito Legal
Código do país PT
Número 15183/87
100 ## - Dados gerais de processamento
Dados gerais de processamento 19980413d1987 cd y0pory5003 ba
101 0# - Língua de publicação
Língua do texto, banda sonora, etc. Português
102 ## - Pais de publicação ou produção
País de publicação Portugal
105 ## - Campo de dados codificados: livros
Dados codificados dos livros a z 000fy
106 ## - Campo de dados codificados: material textual
Dados codificados do material textual r
200 1# - Titulo e menção de responsabilidade
Título próprio Sofia e o caracol
Primeira menção de responsabilidade Maria Rosa Colaço
Outras menções de responsabilidade il. Ana Duarte de Almeida
205 ## - Menção da edição
Menção da edição 2ª ed
210 ## - Publicação, Distribuição, etc. 
Lugar da edição, distribuição, etc. Lisboa
Nome do editor, distribuidor, etc. Plátano
Data da publicação, distribuição, etc. D.L. 1987
215 ## - Descrição física 
Indicação específica da natureza do documento e extensão da espécie 18, [2] p.
Outras indicações físicas il.
Dimensões 19 cm
225 2# - Colecção 
Título próprio da colecção O livro à mão
Indicação de volume 2
606 ## - Nome comum usado como assunto
Número de registo de entrada de autoridade 0000029
Palavra de ordem Literatura portuguesa infantil
Subdivisão de assunto Conto
675 ## - Classificação Decimal Universal (CDU)
Notação 821.134.3-34
Edição
Língua da edição por
700 #1 - Nome de autor-pessoa física (responsabilidade principal)
Número de registo de entrada de autoridade 0001071
Palavra de ordem Colaço
Outra parte do nome não tomada para palavra de ordem Maria Rosa
Datas 1935-2004
702 #1 - Nome de autor-pessoa física (responsabilidade secundária)
Número de registo de entrada de autoridade 0001072
Palavra de ordem Almeida
Outra parte do nome não tomada para palavra de ordem Ana Duarte de
Código de função Ilustrador / Técnico de desenho computorizado
942 ## - Elementos de entrada adicionados (Koha)
Tipo de item no Koha Livro
Exemplares
Situação do levantamento Origin of item (home branch) (coded) Biblioteca de empréstimo Código de barras Cota Circulation type (not for loan) Tipo de documento Nota do exemplar Damaged status
  Biblioteca Escolar da Coca Maravilhas Biblioteca Escolar da Coca Maravilhas BECM3586/98 8POR COL   Livro Sem mensagem